Classement des films de Star Wars - Statistiques

Statistiques générales
  • Ce quiz a été pris 338 fois
  • Le résultat moyen est 7 sur 8
Statistiques - réponses
Classement Nom de l'épisode % Correct
N°1 L'Empire contre-attaque
92%
N°8 La Menace fantôme
90%
N°4 La Revanche des Sith
90%
N°3 Un Nouvel Espoir
87%
N°5 Le Retour du Jedi
86%
N°7 L'Attaque des clones
84%
N°2 Le Réveil de la Force
78%
N°6 Rogue One : A Star Wars Story
55%
Aucun quiz correspondant
Distribution des résultats
% des personnes avec chaque résultat
Percentile par nombre de réponses
Votre historique - résultats
Vous n’avez pas pris ce quiz